Engendering the nation-state / (Record no. 9)
[ view plain ]
| 000 -LEADER | |
|---|---|
| fixed length control field | 00673cam a2200229 a 4500 |
| 001 - CONTROL NUMBER | |
| control field | 11832022 |
| 005 - DATE AND TIME OF LATEST TRANSACTION | |
| control field | 20231114054951.0 |
| 008 - FIXED-LENGTH DATA ELEMENTS--GENERAL INFORMATION | |
| fixed length control field | 980819s1997 pk a 100 0 eng |
| 040 ## - CATALOGING SOURCE (பட்டியலாக்க மூலம்) | |
| Original cataloging agency | DLC |
| Transcribing agency | DLC |
| Modifying agency | DLC |
| 082 00 - DDC Classification | |
| Class No. | 305.42/095491 |
| DDC Edition Number | 21 |
| 245 00 - TITLE STATEMENT | |
| Title | Engendering the nation-state / |
| Statement of responsibility, etc. | edited by, Neelam Hussain, Samiya Mumtaz, Rubina Saigol. |
| 260 ## - PUBLICATION, DISTRIBUTION, ETC. | |
| Place of publication, distribution, etc. | Lahore : |
| Name of publisher, distributor, etc. | Simorgh Women's Resource and Publication Centre, |
| Date of publication, distribution, etc. | 1997. |
| 300 ## - PHYSICAL DESCRIPTION | |
| Extent (e.g. Volumes, Pages etc.) | 2 v (v.1: 371 p.) |
| 650 #0 - SUBJECT ADDED ENTRY--TOPICAL TERM | |
| Topical term or geographic name entry element | Women |
| 650 #0 - SUBJECT ADDED ENTRY--TOPICAL TERM | |
| Topical term or geographic name entry element | Women's rights |
| 650 #0 - SUBJECT ADDED ENTRY--TOPICAL TERM | |
| Topical term or geographic name entry element | Sex role |
| 650 #0 - SUBJECT ADDED ENTRY--TOPICAL TERM | |
| Topical term or geographic name entry element | Nation-state. |
| 700 1# - ADDED ENTRY--PERSONAL NAME | |
| Personal name | Hussain, Neelam. |
| Relator term (Role) | Editor |
| 700 1# - ADDED ENTRY--PERSONAL NAME | |
| Personal name | Mumtaz, Samiya. |
| Relator term (Role) | Editor |
| 700 1# - ADDED ENTRY--PERSONAL NAME | |
| Personal name | Saigol, Rubina. |
| Relator term (Role) | Editor |
| 942 ## - Koha item type (Biblio) | |
| Koha item type | Books in Stacks (Lending) |
| Lost status | Damaged status | Collection code | Home library | Current library | Shelving location | Date acquired | Full call number | Accession Number | Item type |
|---|---|---|---|---|---|---|---|---|---|
| Lending | WERC Library | WERC Library | Social Science Cupboard | 11/14/2023 | 305.42 ENG | 6008 | Books in Stacks (Lending) |
